000 03490nam0a2200589 4500
001 RU\NLR\bibl\1652083
005 20260406134857.0
010 _a978-5-89895-385-0
_9100
021 _aRU
_b2010-39877
_92671
035 _a(nilc)LIBNET\0000042008
035 _a1VIL\RUSMED\0000170627
035 _a(NLR Aleph) 001643402
090 _a876211
_c876211
100 _a20100603d2010 |||y0rusy50 ca
101 0 _arus
102 _aRU
105 _aa |||||||||
200 1 _aМетодические подходы к оптимизации лекарственного обеспечения пострадавших при дорожно-транспортных происшествиях
_fМельникова О.А., Петров А.Ю., Попов В.П., Колясников О.В.
_gМ-во здравоохранения и соц. развития РФ, ГОУ ВПО Урал. гос. мед. акад.
210 _aЕкатеринбург
_cУГМА
_d2010
215 _a179 с.
_cил.
_d21
320 _aБиблиогр.: с. 178-179 (15 назв.)
606 1 _aАвтомобильный транспорт
_xАварии и происшествия
_xМедицинская помощь
_xЛекарственное обеспечение
_92601732
_3RU\NLR\auth\661538290
606 1 _aНЕСЧАСТНЫЕ СЛУЧАИ ТРАНСПОРТНЫЕ
_2rus_mesh
_3R139
606 1 _aACCIDENTS, TRAFFIC
_2rus_mesh
_3E139
606 1 _aМЕДИЦИНСКОЙ ПОМОЩИ ОКАЗАНИЕ
_xорганизация и управление
_2rus_mesh
_3R3798-7.1
606 1 _aDELIVERY OF HEALTH CARE
_xorganization and administration
_2rus_mesh
_3E3798-7.1
606 1 _aЛЕКАРСТВЕННОГО ОБЕСПЕЧЕНИЯ СИСТЕМЫ
_xорганизация и управление
_2rus_mesh
_3R8666-5.1
606 1 _aMEDICATION SYSTEMS
_xorganization and administration
_2rus_mesh
_3E8666-5.1
686 _a76.31.29
_2rugasnti
686 _a76.75.75
_2rugasnti
686 _aN06.850.135.392
_v2010
_2MESH
686 _aN04.590.374 - организация и управление
_v2010
_2MESH
686 _aN05.300 - организация и управление
_v2010
_2MESH
686 _aN04.590.374 - organization and administration
_v2010
_2MESH
686 _aN05.300 - organization and administration
_v2010
_2MESH
686 _aN04.452.528 - организация и управление
_v2010
_2MESH
686 _aN04.452.528 - organization and administration
_v2010
_2MESH
686 _aР11(2)23
686 _aР35,3
701 1 _4070
_8rus
_7ca
_aМельникова
_bО. А.
_cд-р фарм. наук, канд. хим. наук
_gОльга Александровна
_3RU\NLR\AUTH\7790390
_973317
701 1 _4070
_8rus
_7ca
_aПетров
_bА. Ю.
_cд-р фарм. наук
_gАлександр Юрьевич
_3RU\NLR\auth\7741554
_924502
701 1 _4070
_8rus
_7ca
_aПопов
_bВ. П.
_cд-р мед. наук
_gВиктор Петрович
_3RU\NLR\AUTH\7790385
_973312
701 1 _aКолясников
_bО. В.
_gОлег Владимирович
_4070
712 0 2 _4570
_aУральская государственная медицинская академия
_cЕкатеринбург
_3RU\NLR\AUTH\889917897
_9331934
801 0 _aRU
_bЦНМБ
_c20100603
_gPSBO
801 1 _aRU
_bЦНМБ
_c20100603
801 2 _aRU
_bЦНМБ
_c20100617
801 2 _aRU
_bNLR
_c20100705
_grcr
942 _cBOOK
980 _aNB